[Event "Challenge"]
[Site "http://www.queenalice.com/game.php?id=1830003"]
[Date "2024.1.24"]
[Round "-"]
[White "LuizFerreira"]
[Black "digger"]
[Result "1-0"]
[WhiteElo "1344"]
[BlackElo "1729"]

1. d3 e5 2. Nc3 Qf6 3. g3 d6 4. b3 Bf5 5. h4 Be6 6. Nf3 Bg4 7. Nh2 Be6 8. Bg2 c6
9. b4 d5 10. b5 Bd7 11. a4 Bc5 12. Bg5 Qxf2+ 13. Kd2 Qxg2 14. Qe1 d4 15. Ne4
Bb4+ 16. c3 dxc3+ 17. Kc1 Bf5 18. Rb1 c5 19. Nd6+ Kf8 20. Nxf5 g6 21. Ne3 Qh3
22. Nhg4 c2 23. Rxb4 Qxh1 24. Qxh1 cxb4 25. Nxc2 b3 26. Na1 b2+ 27. Kxb2 Nd7 28.
Qxb7 Nb6 29. a5 f6 30. Be3 Rd8 31. axb6 axb6 32. Bxb6 Re8 33. Nb3 Re7 34. Qb8+
Kg7 35. Qd6 Kf7 36. Nc5 h5 37. Ne3 Nh6 38. Nd5 Nf5 39. Qc6 Kf8 40. Bd8 Rf7 41.
Ne6+ Kg8 42. Qe8+ Rf8 43. Qxf8+ Kh7 44. Nxf6# 1-0

[Event "Challenge"]
[Site "http://www.queenalice.com/game.php?id=1831156"]
[Date "2024.2.9"]
[Round "-"]
[White "Camy"]
[Black "LuizFerreira"]
[Result "0-1"]
[WhiteElo "1287"]
[BlackElo "1376"]

1. e3 Nf6 2. h3 g5 3. d4 b6 4. a3 Nc6 5. Bd3 e6 6. Nf3 a6 7. Nc3 b5 8. Nxg5 h6
9. Nf3 h5 10. O-O Bh6 11. Ne5 Na5 12. b4 Nb3 13. Rb1 d6 14. Nf3 Nxc1 15. Qxc1
Bb7 16. Qe1 e5 17. dxe5 Nd7 18. exd6 cxd6 19. Ne4 Qe7 20. Qc3 Qf8 21. Nh4 Bg7
22. g3 Bxc3 23. Nxc3 Qg7 24. Nf5 Qf6 25. e4 O-O 26. h4 Qxc3 27. Ne7+ Kh8 28. e5
Nxe5 29. Be2 Qxc2 30. Bxh5 Qc7 31. Nf5 Be4 32. Rbc1 Qa7 33. Kh2 Bxf5 34. f4 Nd3
35. Rcd1 Ne5 36. fxe5 Qd7 37. exd6 Bc2 38. Rd5 Rae8 39. Rdf5 Bd3 40. Rg5 Bxf1
41. Kg1 Re1 42. Bg4 Qd8 43. Rh5+ Kg7 44. Rg5+ Kf6 45. Rf5+ Ke6 46. Rxf1+ f5 47.
Rxe1+ Kd7 48. Bf3 Qc8 49. Rd1 Rg8 50. Rd5 Rxg3+ 51. Kf2 Rh3 52. Rc5 Qb8 53. Bc6+
Kxd6 54. Kg2 Rxh4 55. Kg3 Rh5 56. Kf4 Qh8 57. Bb7 Qd4+ 58. Kf3 Rh3+ 59. Kg2 Qg4+
60. Kf2 Qd4+ 61. Kg2 Qg4+ 62. Kf2 Rh2+ 63. Ke3 Rh3+ 64. Kd2 Qd4+ 65. Ke2 Qb2+
66. Kd1 Qxa3 67. Rd5+ Ke6 68. Bc8+ Kxd5 0-1

[Event "Challenge"]
[Site "http://www.queenalice.com/game.php?id=1831976"]
[Date "2024.2.21"]
[Round "-"]
[White "AdilsonGomes"]
[Black "LuizFerreira"]
[Result "1-0"]
[WhiteElo "1738"]
[BlackElo "1356"]

1. e4 e5 2. Nf3 Nc6 3. Bc4 Qe7 4. c3 Nf6 5. Na3 a6 6. Bd3 g6 7. O-O b5 8. b4 d6
9. Be2 Nxe4 10. d3 Nxc3 11. Qd2 Nd5 12. Nc2 Nf4 13. Ne3 Nh5 14. Nd5 Qd8 15. Ng5
Be7 16. Ne4 Bf8 17. Bxh5 gxh5 18. Nef6+ Qxf6 19. Nxf6+ Ke7 20. Qg5 Nd4 21. Nd5+
Kd7 22. Qf6 Kc6 23. Nxc7 Ra7 24. Qxh8 Rxc7 25. Qxf8 Bg4 26. Qa8+ Kd7 27. Qe4 Nc2
28. Rb1 Nd4 29. f3 Bf5 30. Qa8 Bxd3 31. Bg5 Rc8 32. Qb7+ Rc7 33. Qxa6 Ne6 34.
Rbd1 Be2 35. Rxd6+ Ke8 36. Qa8+ Nd8 37. Qxd8# 1-0

[Event "Challenge"]
[Site "http://www.queenalice.com/game.php?id=1831977"]
[Date "2024.2.21"]
[Round "-"]
[White "LuizFerreira"]
[Black "AdilsonGomes"]
[Result "0-1"]
[WhiteElo "1354"]
[BlackElo "1740"]

1. Nf3 d6 2. d4 Nf6 3. Nc3 c6 4. b4 a5 5. Ba3 axb4 6. Bxb4 Na6 7. e3 Nxb4 8. a3
Nbd5 9. Na4 Rxa4 10. c4 Qa5+ 11. Nd2 Rxc4 12. Bxc4 Nc3 13. Qc1 Nce4 14. Ra2 Nxd2
15. Rxd2 Ne4 16. O-O Nxd2 17. Rd1 Nxc4 18. Qxc4 Qxa3 19. Qe2 h5 20. h4 Bg4 21.
f3 Be6 22. Rb1 b5 23. Qc2 Bc4 24. d5 Bxd5 25. e4 Qe3+ 26. Kh1 Bc4 27. Ra1 f6 28.
Ra8+ Kf7 29. Ra1 e5 30. Kh2 d5 31. exd5 Bxd5 32. Ra7+ Be7 33. Qb2 Qf4+ 34. Kg1
Qxh4 35. Rd7 Rd8 36. Rc7 Ke6 37. Qc2 Ra8 38. Qb1 Bc5+ 39. Kf1 Qf2# 0-1

[Event "Challenge"]
[Site "http://www.queenalice.com/game.php?id=1832400"]
[Date "2024.2.26"]
[Round "-"]
[White "LuizFerreira"]
[Black "digger"]
[Result "0-1"]
[WhiteElo "1361"]
[BlackElo "1646"]

1. d4 d5 2. Nc3 c6 3. Nf3 e6 4. b3 Bb4 5. Bd2 Qd6 6. g3 Nf6 7. a3 Bxa3 8. Bh3
Bb4 9. Na4 Nbd7 10. Nb2 O-O 11. Nd3 Bxd2+ 12. Qxd2 b6 13. Nb4 a5 14. Nd3 Re8 15.
b4 a4 16. Nde5 a3 17. Qc3 Ra4 18. Nd3 a2 19. Nc1 Ne4 20. Qb3 b5 21. Nxa2 Nb6 22.
Ng1 Ra7 23. f3 Nf6 24. Rb1 Bd7 25. Nc3 Rea8 26. Nd1 Ra3 27. Qb2 Nc4 28. Qc1 R3a4
29. c3 e5 30. Nf2 exd4 31. cxd4 Rxb4 32. Nd3 Rxb1 33. Qxb1 Bxh3 34. Nxh3 Na3 35.
Qb2 Nc4 36. Qb1 Qa3 37. Nhf4 Qc3+ 38. Kf1 Ra1 39. Kf2 Rxb1 40. Rxb1 Nd2 41. Ra1
Qxa1 42. h4 Qxd4+ 43. Ke1 Qe3 44. Ng2 Nxf3+ 45. Kd1 Qd2# 0-1

[Event "Escacs 141"]
[Site "http://www.queenalice.com/game.php?id=1835732"]
[Date "2024.4.27"]
[Round "-"]
[White "alterego"]
[Black "LuizFerreira"]
[Result "1-0"]
[WhiteElo "1598"]
[BlackElo "1352"]

1. d4 Nf6 2. g3 c6 3. Bg2 b6 4. Nf3 g6 5. c4 Ba6 6. b3 e6 7. Ne5 d6 8. Nxc6 Qc7
9. Ne5 Bb7 10. Bxb7 Qxb7 11. Nf3 h6 12. O-O d5 13. Ne5 Na6 14. cxd5 exd5 15. Nc3
Bd6 16. Bf4 Qc7 17. Nb5 Qb8 18. Nc6 Qb7 19. Nxd6+ Kd7 20. Nxb7 Kxc6 21. Na5+
bxa5 22. Qc2+ Kd7 23. Be5 Nb4 24. Qc7+ Ke6 25. Qd6+ Kf5 26. Qxf6+ Kg4 27. Kg2
Kh5 28. Qh4# 1-0

[Event "Challenge"]
[Site "http://www.queenalice.com/game.php?id=1835739"]
[Date "2024.4.27"]
[Round "-"]
[White "LuizFerreira"]
[Black "digger"]
[Result "1/2-1/2"]
[WhiteElo "1355"]
[BlackElo "1666"]

1. Nf3 d5 2. c3 c6 3. b3 Bg4 4. Ng5 e5 5. f3 Bf5 6. d3 h6 7. Nh3 Be7 8. g4 Be6
9. Nd2 Qb6 10. b4 a5 11. a3 axb4 12. Qb3 d4 13. Qb1 Qa5 14. c4 bxa3 15. Qxb7 Bd7
16. Bg2 Qa6 17. Qb3 Qa7 18. c5 Bxc5 19. Bxa3 Bxa3 20. Nc4 Bb4+ 21. Kf2 Ba5 22.
Rxa5 Na6 23. f4 Rb8 24. Qa3 Bc8 25. Bxc6+ Kd8 26. Nxe5 Nf6 27. Qd6+ Nd7 28.
Nxf7+ Ke8 29. Nxh8 Kd8 30. Rc1 Rb6 31. Nf7+ Ke8 32. Qe6+ Kf8 33. Qf5 Ke7 34. Ba4
Rf6 35. Qe4+ Kxf7 36. Rxc8 Re6 37. Qd5 Nb6 38. Qb5 Nxc8 39. Bb3 Kf6 40. Qf5+ Ke7
41. Bxe6 Nd6 42. Qg6 Qb6 43. Ra3 Kf8 44. g5 Nb8 45. Qh7 hxg5 46. Nxg5 Nb5 47.
Ra4 Nc3 48. Qh8+ Ke7 49. Ra8 Nd1+ 50. Kg3 Kd6 51. Rxb8 Qa7 52. Qd8+ Kc6 53. Qc8+
Kd6 54. Bb3 Ne3 55. Ne4+ Ke7 56. Rb7+ Qxb7 57. Qxb7+ Kd8 58. Bf7 Nf5+ 59. Kg4
Nh6+ 60. Kg5 Nxf7+ 61. Kg6 Nd6 62. Nxd6 1/2-1/2

[Event "Let's Play Chess!"]
[Site "http://www.queenalice.com/game.php?id=1835812"]
[Date "2024.4.30"]
[Round "-"]
[White "LuizFerreira"]
[Black "Rocio"]
[Result "1-0"]
[WhiteElo "1335"]
[BlackElo "1434"]

1. Nf3 d5 2. Nc3 Nf6 3. g3 e6 4. b3 h6 5. Bh3 Bc5 6. Na4 Bb4 7. c3 Bd6 8. Nh4
Ne4 9. d3 Nf6 10. Qd2 g5 11. Nf3 Nc6 12. c4 Bb4 13. Nc3 d4 14. a3 Bxc3 15. Nxd4
Bxd4 16. Rb1 Qe7 17. f3 Rg8 18. e3 Bb6 19. e4 Bd7 20. b4 Nd4 21. Bg2 Ba4 22. Bb2
Nb3 23. Qc2 Nd4 24. Qxa4+ c6 25. c5 Nb5 26. d4 g4 27. h3 gxf3 28. Bxf3 Rxg3 29.
Be2 Bc7 30. Bxb5 cxb5 31. Qxb5+ Nd7 32. Qxb7 Re3+ 33. Kd2 Qd8 34. Kxe3 Rb8 35.
Qxa7 Ra8 36. Qb7 Rb8 37. Qa6 Ra8 38. Qc6 f5 39. Rhg1 Ra7 40. d5 exd5 41. exd5
f4+ 42. Kf2 Qh4+ 43. Kg2 Qg3+ 44. Kf1 Qxh3+ 45. Rg2 Qh1+ 46. Rg1 Qf3+ 47. Ke1
Qe3+ 48. Kd1 Qxg1+ 49. Kc2 Qg2+ 50. Kb3 Qe4 51. Ka2 Ke7 52. d6+ Kf7 53. Qxd7+
Kg6 54. Rg1+ Kh5 55. Qf7+ Kh4 56. Qf6+ Kh3 57. Qxh6# 1-0

[Event "Challenge"]
[Site "http://www.queenalice.com/game.php?id=1837431"]
[Date "2024.5.24"]
[Round "-"]
[White "LuizFerreira"]
[Black "alterego"]
[Result "0-1"]
[WhiteElo "1344"]
[BlackElo "1527"]

1. Nf3 g6 2. Nc3 Bg7 3. d4 a6 4. e3 b5 5. a3 Nf6 6. b3 Bb7 7. Nh4 d6 8. e4 Nbd7
9. g3 c5 10. d5 c4 11. bxc4 Ng4 12. Bh3 Bxc3+ 13. Bd2 Bxa1 14. Qxa1 Nde5 15. f4
Nf3+ 16. Nxf3 Bc8 17. Nd4 O-O 18. f5 Ne5 19. Bf1 e6 20. fxe6 fxe6 21. dxe6 Nf3+
22. Ke2 Qf6 23. Bc3 Nxd4+ 24. Bxd4 Qf3+ 25. Ke1 Qxh1 26. Ke2 Qxe4+ 27. Kd1 Rxf1+
28. Kd2 Rxa1 29. c3 Ra2+ 30. Kc1 Qe1# 0-1

[Event "Challenge"]
[Site "http://www.queenalice.com/game.php?id=1838105"]
[Date "2024.6.6"]
[Round "-"]
[White "AdilsonGomes"]
[Black "LuizFerreira"]
[Result "1-0"]
[WhiteElo "1857"]
[BlackElo "1367"]

1. e4 e5 2. Nf3 d6 3. Bc4 Qf6 4. Nc3 c6 5. d3 g6 6. Bg5 Qg7 7. O-O h6 8. Be3 b5
9. Bb3 Nf6 10. a3 h5 11. h4 Bg4 12. Qd2 Nbd7 13. Ng5 d5 14. exd5 c5 15. Nxb5 Kd8
16. Qa5+ Kc8 17. Qc7# 1-0

[Event "Challenge"]
[Site "http://www.queenalice.com/game.php?id=1838106"]
[Date "2024.6.6"]
[Round "-"]
[White "LuizFerreira"]
[Black "AdilsonGomes"]
[Result "1-0"]
[WhiteElo "1327"]
[BlackElo "1386"]

1. Nf3 d6 2. Nc3 e5 3. d3 Be7 4. g3 Bf6 5. b3 c6 6. e3 e4 7. Nd4 c5 8. Nde2 Bg4
9. Bb2 Qa5 10. h3 Bf3 11. Rg1 Bxe2 12. Bxe2 Bxc3+ 13. Bxc3 Qxc3+ 14. Kf1 exd3
15. Bxd3 Nf6 16. Bb5+ Ke7 17. g4 Ne4 18. Kg2 Qf6 19. f3 Ng5 20. Qe2 Qh6 21. Rh1
Nd7 22. Ba4 Ne5 23. f4 Ne4 24. fxe5 Rhd8 25. Kh2 Qh4 26. Qf3 1-0

[Event "Challenge"]
[Site "http://www.queenalice.com/game.php?id=1838906"]
[Date "2024.6.19"]
[Round "-"]
[White "LuizFerreira"]
[Black "alterego"]
[Result "0-1"]
[WhiteElo "1365"]
[BlackElo "1502"]

1. d4 g6 2. Nf3 Bg7 3. Nc3 Nf6 4. g3 a6 5. b3 b5 6. a3 Nc6 7. e3 Bb7 8. Bh3 O-O
9. d5 Nxd5 10. Bb2 Nxc3 11. Bxc3 Bxc3+ 12. Kf1 Bxa1 13. Qxa1 e6 14. Bg4 d5 15.
h4 Qd6 16. h5 d4 17. exd4 Nxd4 18. a4 Nxc2 19. Qc1 Nb4 20. Rg1 Qd3+ 21. Kg2 Rad8
22. Qxc7 Bxf3+ 23. Bxf3 Nd5 24. Rd1 Qxb3 25. g4 Qb2 26. hxg6 Ne3+ 27. Kg1 Nxd1
28. gxh7+ Kh8 29. Kg2 Qxf2+ 30. Kh3 Qxf3+ 31. Kh4 Ne3 32. Kg5 Qxg4+ 33. Kf6 Nd5+
34. Ke5 Nxc7 35. Kf6 Qg6+ 36. Ke7 Qg5# 0-1

[Event "Challenge"]
[Site "http://www.queenalice.com/game.php?id=1838907"]
[Date "2024.6.19"]
[Round "-"]
[White "LuizFerreira"]
[Black "Rocio"]
[Result "0-1"]
[WhiteElo "1354"]
[BlackElo "1481"]

1. Nf3 e6 2. Nc3 a6 3. b3 h6 4. g3 Bc5 5. Na4 Bd6 6. Nc3 Nf6 7. d4 Bb4 8. Bd2
Qe7 9. a3 Bxc3 10. Bxc3 Ne4 11. Bb4 d6 12. Qd3 f5 13. Bh3 Nc6 14. g4 Ng5 15. Bg2
Ne4 16. Ba5 Nxa5 17. Bh3 h5 18. gxh5 Rxh5 19. Bg2 Bd7 20. b4 Bb5 21. Qe3 Nc4 22.
Qd3 Ne5 23. Qd1 Nc3 24. Qd2 Ne4 25. a4 Nxd2 26. Nxd2 Qg5 27. Bxb7 Nc4 28. Nf3
Qf4 29. Bxa8 Rh3 30. axb5 d5 31. Ng1 Rc3 32. bxa6 Nb6 33. Bb7 Qe4 34. Rc1 Qxh1
35. Kd2 Ra3 36. c3 Ra2+ 37. Kd3 Qe4# 0-1

[Event "Challenge"]
[Site "http://www.queenalice.com/game.php?id=1838908"]
[Date "2024.6.19"]
[Round "-"]
[White "Rocio"]
[Black "LuizFerreira"]
[Result "1-0"]
[WhiteElo "1478"]
[BlackElo "1337"]

1. e4 e5 2. Nf3 g6 3. d3 b6 4. Bg5 f6 5. Be3 Nc6 6. a3 g5 7. h3 d6 8. Nc3 Nge7
9. Qd2 Ng6 10. Be2 Bh6 11. Nd5 Ba6 12. Qc3 Nf4 13. Bxf4 gxf4 14. Qxc6+ Kf8 15.
Nh4 Qc8 16. Nxf6 Bb7 17. Qb5 Bg5 18. Nd7+ Kg8 19. Qc4+ d5 20. Qb5 a6 21. Qa4 b5
22. Qb3 Qxd7 23. Nf5 a5 24. c3 a4 25. Qb4 dxe4 26. Bg4 h5 27. Nh6+ Rxh6 28. Bxd7
Ba6 29. dxe4 Bb7 30. Qxb5 Rb8 31. Qc4+ Kg7 32. Bf5 Rc8 33. Rd1 Rc6 34. Qe2 Rf8
35. Rd7+ Rf7 36. h4 Ba6 37. Qxh5 Bc4 38. Qxg5+ Kf8 39. Rd8# 1-0

[Event "Challenge"]
[Site "http://www.queenalice.com/game.php?id=1839109"]
[Date "2024.6.24"]
[Round "-"]
[White "LuizFerreira"]
[Black "digger"]
[Result "0-1"]
[WhiteElo "1343"]
[BlackElo "1588"]

1. d4 d5 2. Nc3 f5 3. g3 c6 4. Nf3 e6 5. b3 Qf6 6. Bh3 Qg6 7. Ne5 Qf6 8. Qd2 Bd6
9. Nf3 f4 10. Qd3 Ne7 11. Rg1 fxg3 12. hxg3 O-O 13. Bg5 Qf7 14. Qe3 Bd7 15. Nh2
Na6 16. Ng4 Nf5 17. Qf3 Nxd4 18. Qe3 Nxc2+ 19. Kd2 Nxe3 20. fxe3 Qg6 21. Bf4 Be7
22. Ne5 Qh5 23. Nxd7 Rfd8 24. Ne5 Qxh3 25. Rh1 Qf5 26. Nf3 Bd6 27. Nh4 Qg4 28.
Nd1 Bb4+ 29. Kd3 g5 30. Nf3 gxf4 31. Nf2 Qxg3 32. Rhf1 c5 33. Nh1 Qg6+ 34. e4
Qxe4# 0-1

[Event "Challenge"]
[Site "http://www.queenalice.com/game.php?id=1841118"]
[Date "2024.7.29"]
[Round "-"]
[White "LuizFerreira"]
[Black "Aquarebel"]
[Result "1-0"]
[WhiteElo "1356"]
[BlackElo "1445"]

1. Nf3 c5 2. d3 d5 3. Nc3 d4 4. Ne4 e5 5. Nxe5 f6 6. Nc4 b5 7. Na3 b4 8. Nc4 f5
9. Ng3 Be6 10. Ne5 Qf6 11. Nf3 h6 12. Bf4 Nc6 13. c4 bxc3 14. Nh5 Qf7 15. Ng3 g5
16. Bc1 Bxa2 17. Qa4 Bd5 18. b3 a5 19. Rb1 Bd6 20. Qb5 Rh7 21. b4 axb4 22. e3
Ra5 23. Qb6 Qd7 24. e4 fxe4 25. dxe4 Ba2 26. Ra1 Qc8 27. Bb5 Ne7 28. Nf5 Bc7 29.
Qxc5 Qb8 30. N3xd4 Be6 31. Nxc6 Bxf5 32. Nxb8+ Kf8 33. Qxc7 Rxa1 34. Qd8+ Kf7
35. Bc4+ Kg6 36. Qd6+ Kh5 37. h4 Rxc1+ 38. Ke2 Rxh1 39. Bd3 Bg4+ 40. Ke3 Kxh4
41. Qxb4 Rh8 42. Na6 Re1+ 43. Be2 Bxe2 44. Nc5 c2 45. Qxe1 Bb5 46. Qd2 Bf1 47.
Qxc2 Bxg2 48. Qc3 Rf8 49. Kd4 Rxf2 50. Qe1 Kg3 51. Nd3 Nc6+ 52. Kc3 Ne5 53.
Qxf2+ Kh2 54. Ne1 Kh3 55. Qxg2+ 1-0

[Event "Challenge"]
[Site "http://www.queenalice.com/game.php?id=1841336"]
[Date "2024.8.3"]
[Round "-"]
[White "LuizFerreira"]
[Black "Rocio"]
[Result "0-1"]
[WhiteElo "1345"]
[BlackElo "1481"]

1. d4 d5 2. Nc3 Be6 3. Nf3 h6 4. h3 a6 5. b3 Nf6 6. b4 Nc6 7. e3 Nxb4 8. a3 Nc6
9. g3 Bd7 10. Bd3 e6 11. a4 Na5 12. Ne5 Bc8 13. Bb5+ axb5 14. Bd2 Qe7 15. Nxb5
c6 16. Na3 Ne4 17. Bxa5 Qf6 18. Ng4 Qf5 19. Ne5 Qxf2# 0-1

[Event "Challenge"]
[Site "http://www.queenalice.com/game.php?id=1842177"]
[Date "2024.8.19"]
[Round "-"]
[White "LuizFerreira"]
[Black "Rocio"]
[Result "1-0"]
[WhiteElo "1334"]
[BlackElo "1491"]

1. d4 d5 2. Nc3 Nc6 3. g3 Bf5 4. Bg2 Nb4 5. e4 dxe4 6. h3 Nf6 7. g4 Be6 8. Bxe4
Qd6 9. a3 Bc4 10. axb4 a6 11. b3 Be6 12. Na2 Nxe4 13. f3 a5 14. fxe4 a4 15. Nc3
Qxb4 16. Qd2 Rd8 17. Nf3 axb3 18. Ba3 Qa5 19. d5 Bd7 20. cxb3 h6 21. b4 Qb6 22.
Ne5 Bb5 23. Bb2 Qd6 24. Qd4 Qf6 25. Nxb5 h5 26. Nxc7# 1-0

[Event "Challenge"]
[Site "http://www.queenalice.com/game.php?id=1843154"]
[Date "2024.9.5"]
[Round "-"]
[White "LuizFerreira"]
[Black "Rocio"]
[Result "0-1"]
[WhiteElo "1388"]
[BlackElo "1447"]

1. Nf3 d5 2. c3 Nf6 3. g3 Bf5 4. d3 Nc6 5. Nh4 Bd7 6. b3 h6 7. e3 g5 8. Nf3 g4
9. Nd4 Ne5 10. Bg2 e6 11. f4 Ng6 12. c4 Bb4+ 13. Bd2 Bc5 14. Nc2 dxc4 15. bxc4
a6 16. Bxb7 Rb8 17. Bxa6 Bc6 18. d4 Bf3 19. Qc1 Bd6 20. Rf1 Be4 21. a3 Rb6 22.
c5 Rxa6 23. cxd6 Rxd6 24. Nb4 O-O 25. Nc3 Bg2 26. Rg1 Bh3 27. Ne2 Ne4 28. Nc6
Qd7 29. Na7 c5 30. Qc2 f5 31. Nc3 Nxc3 32. Qxc3 Qxa7 33. Rb1 Qa8 34. Qxc5 Rfd8
35. Ba5 R8d7 36. Qc4 Qxa5+ 37. Kd1 Qxa3 38. Ke2 Kg7 39. Kf2 Ne7 40. Rgc1 Nd5 41.
Rb3 Qa2+ 42. Rc2 Qa1 43. Rb1 Qxb1 44. Qc8 Qf1# 0-1

[Event "Challenge"]
[Site "http://www.queenalice.com/game.php?id=1843566"]
[Date "2024.9.12"]
[Round "-"]
[White "LuizFerreira"]
[Black "Aquarebel"]
[Result "0-1"]
[WhiteElo "1378"]
[BlackElo "1458"]

1. Nf3 d5 2. Nc3 d4 3. Ne4 f5 4. Nc5 e6 5. b3 Bxc5 6. b4 Bxb4 7. Bb2 c5 8. a3
Ba5 9. a4 e5 10. Nxe5 Qe7 11. f4 g5 12. g3 g4 13. c3 dxc3 14. dxc3 Bc7 15. Nc4
Qe4 16. e3 Qxh1 17. Qd3 Qxh2 18. e4 Qxg3+ 19. Qxg3 h5 20. exf5 Nf6 21. Qe3+ Kd8
22. Ne5 Bxe5 23. Qxe5 Nbd7 24. Qd4 cxd4 25. cxd4 g3 26. Rc1 h4 27. d5 h3 28. Rc2
g2 29. Bxg2 hxg2 30. Rxg2 Rh1+ 31. Kf2 Nxd5 32. Ba3 Nxf4 33. Rg3 Ne5 34. Bb2
Ned3+ 35. Kf3 Bxf5 36. Bf6+ Kc7 37. Bg5 Rg8 38. Bxf4+ Nxf4 39. Rxg8 Nd5 40. Rg5
Be6 41. Rg7+ Kb6 42. Kg2 Rh4 43. Rg6 Rg4+ 44. Kf2 Rxg6 45. Ke2 Nc3+ 46. Kd3 Nxa4
47. Kd4 Bc8 48. Kc4 Ka5 49. Kb3 Nb6 50. Ka3 Na8 51. Kb3 Rg4 52. Kc3 Rb4 53. Kc2
Bf5+ 54. Kc3 Kb5 55. Kd2 Rc4 56. Ke3 Kc5 57. Kf3 Bc8 58. Ke3 Rd4 59. Kf2 b6 60.
Ke3 a6 61. Ke2 b5 62. Ke3 a5 63. Kf2 b4 64. Ke2 a4 65. Ke1 b3 66. Ke2 b2 67. Kf2
b1=Q 68. Ke2 Qb4 69. Ke3 Qc3+ 70. Kf2 Rd2+ 71. Ke1 Qc1# 0-1